| 000 | 00421nam a2200145Ia 4500 | ||
|---|---|---|---|
| 008 | 220204s9999 xx 000 0 und d | ||
| 082 |
_a631.445.52(540) _bGUP |
||
| 100 | _aGUPTA, I C | ||
| 245 | 2 | _aA century of soil salinity research in India: An annotated bibliography 1863-1976 | |
| 260 |
_aNew Delhi _bOxford & IBH _c1978 |
||
| 650 | _aAgriculture | ||
| 650 | _aSoil salinity | ||
| 700 | _aPAHWA, K N | ||
| 942 | _cBK | ||
| 999 |
_c34444 _d34444 |
||